000 00640nam a2200241Ia 4500
001 dia_2254
003 CHAP
005 20251023152405.0
008 220117s1970 xx 000 0 und d
010 _a172773
040 _cCHAP
082 _a641.36 A3
100 _aAdonell Fosas, Juan
_9957
245 _aLa producción de carne /
_c por Juan Adonell Fosas
260 _aEspaña :
_b SINTES,
_c1970
300 _a229 p.
650 _aCarne
_919053
650 _aCarne
_xProducción
_919109
901 _a641.36 A3
902 _aM
905 _a0000001970 sp A 0000000000spa00
942 _cLIBRO
_2ddc
999 _c172773
_d172773